=LDR 00000nam 2200000 4500 =001 INLIS000000000051975 =005 20240318103208 =035 ##$$a 0010-0118000163 =007 ta =008 240318###########################0###### =020 ##$$a 978 -979 - 007 - 226 - 8 =082 ##$$a 345.023 23 =084 ##$$a 345.023 23 ERM m =100 #$$a Ermansjah Djaja =245 1#$$a Memberantas korupsi bersama KPK (komisi pemberantasan korupsi) : $b Kajian yuridis nor matif UU no.31 thn 1999 junto UU no.20 thn. 2001 versi UU no.30 thn. 2002 /$c Ermansjah Djaja =260 ##$$a Jakarta :$b Sinar grafika,$c 2009 =300 ##$$a xiv, 556 hlm. ; $c 23 cm. =650 #4$$a Hukum - Korupsi =504 ##$$a Bibliografi : hlm. 549 - 553 =990 ##$$a 21200666 =990 ##$$a 21200665 =990 ##$$a 21705810 =990 ##$$a 21705809 =990 ##$$a 21705808 =990 ##$$a 21705807 =990 ##$$a 21705806